00486nam a2200157 a 450000100100000000500170001000800410002704000250006808200150009310000200010824500640012826000600019230000280025249000240028083000240030400002763420200930030958.0110401s1996 dr a 000 0 spa d aDO-SdBNPbspacBNPHU axxxbG934e1 aGuerra, Augusto10aEncuentro semanal con la palabra de Dios /cAugusto Guerra. aSanto Domingo :bMonte Carmelo,fAmigo del Hogarc1996. a160 p. :bil. ;c22 cm.1 aCiclo litúrgico B 0aCiclo litúrgico B